[Event "Vlissingen HZ op 20th"]
[Site "Vlissingen"]
[Date "2016.08.13"]
[Round "9"]
[White "Saravanan, Venkatachalam"]
[Black "Rathnakaran, Kantholi"]
[Result "1/2-1/2"]
[WhiteElo "2281"]
[BlackElo "2452"]
[PlyCount "115"]
[EventDate "2016.08.06"]
[EventType "swiss"]
[EventRounds "9"]
[EventCountry "NED"]
[SourceTitle "CBM 173 Extra"]
[Source "ChessBase"]
[SourceDate "2016.08.29"]
[SourceVersion "1"]
[SourceVersionDate "2016.08.29"]
[SourceQuality "1"]

1. d4 Nf6 2. Bg5 e6 3. Nd2 h6 4. Bh4 b6 5. e4 Be7 6. c3 Bb7 7. Bd3 d6 8. Ngf3 Nbd7 9. Qe2 a5 10. 0-0-0 a4 11. Kb1 a3 12. b3 c5 13. h3 d5 14. e5 Ng8 15. Bg3 Bf8 16. dxc5 bxc5 17. c4 Ne7 18. Rc1 Qb6 19. Rhe1 d4 20. Rf1 Nc6 21. Ne1 Nb4 22. Be4 Be7 23. f4 0-0 24. Nd3 Bxe4 25. Nxe4 Nxd3 26. Qxd3 f5 27. exf6 Nxf6 28. Bh4 Nxe4 29. Bxe7 Nc3+ 30. Rxc3 dxc3 31. Bxf8 Rxf8 32. g3 e5 33. Qd5+ Kh8 34. Qxe5 Qc6 35. Qxc3 Qg2 36. Re1 Qxh3 37. Qe3 Rd8 38. Qe7 Qf5+ 39. Qe4 Rd1+ 40. Kc2 Qxe4+ 41. Rxe4 Ra1 42. Re8+ Kh7 43. Ra8 Rxa2+ 44. Kd3 Ra1 45. Kc2 h5 46. Ra5 g5 47. fxg5 Rg1 48. Rxa3 Rxg3 49. Ra6 Rxg5 50. b4 cxb4 51. Kb3 Rg6 52. Ra5 h4 53. Kxb4 h3 54. Ra1 h2 55. Rh1 Rg2 56. c5 Kg6 57. c6 Kf6 58. c7 1/2-1/2

[Event "Vlissingen HZ op 20th"]
[Site "Vlissingen"]
[Date "2016.08.11"]
[Round "7"]
[White "Saravanan, Venkatachalam"]
[Black "Beukema, Jasper"]
[Result "1/2-1/2"]
[WhiteElo "2281"]
[BlackElo "2170"]
[PlyCount "130"]
[EventDate "2016.08.06"]
[EventType "swiss"]
[EventRounds "9"]
[EventCountry "NED"]
[SourceTitle "CBM 173 Extra"]
[Source "ChessBase"]
[SourceDate "2016.08.29"]
[SourceVersion "1"]
[SourceVersionDate "2016.08.29"]
[SourceQuality "1"]

1. d4 f5 2. Nf3 e6 3. c3 Nf6 4. Bg5 Be7 5. Nbd2 Ne4 6. Bxe7 Qxe7 7. Nxe4 fxe4 8. Nd2 d5 9. e3 0-0 10. f3 exf3 11. Nxf3 Nd7 12. Qb3 c5 13. 0-0-0 c4 14. Qc2 Nf6 15. Ne5 b5 16. Be2 a5 17. Rdf1 b4 18. g4 Bb7 19. Rf4 bxc3 20. Qxc3 Ne4 21. Qa3 Qxa3 22. bxa3 Rxf4 23. exf4 Rf8 24. Rf1 g5 25. fxg5 Rxf1+ 26. Bxf1 Nxg5 27. Bg2 Ba6 28. Nc6 a4 29. Kd2 Nf7 30. Kc3 Bb5 31. Ne7+ Kf8 32. Nc8 Ke8 33. Kb4 Kd8 34. Nb6 Ke7 35. Nxa4 Bxa4 36. Kxa4 Kd6 37. Kb4 e5 38. dxe5+ Nxe5 39. g5 Nd3+ 40. Kc3 Kc5 41. h4 Nf4 42. Bf3 d4+ 43. Kc2 d3+ 44. Kc3 Nd5+ 45. Bxd5 Kxd5 46. h5 Ke4 47. g6 hxg6 48. hxg6 Ke3 49. g7 d2 50. g8Q d1Q 51. Qxc4 Qd6 52. Kb3 Qb6+ 53. Qb4 Qe6+ 54. Kb2 Qe5+ 55. Kb3 Qe6+ 56. Qc4 Qb6+ 57. Kc2 Qg6+ 58. Kb2 Qg2+ 59. Kb3 Qb7+ 60. Kc3 Qg7+ 61. Kb4 Qb7+ 62. Qb5 Qe4+ 63. Kb3 Qb1+ 64. Ka4 Qe4+ 65. Qb4 Qc6+ 1/2-1/2

[Event "Vlissingen HZ op 20th"]
[Site "Vlissingen"]
[Date "2016.08.09"]
[Round "5"]
[White "Saravanan, Venkatachalam"]
[Black "Kalisvaart, Peter"]
[Result "1/2-1/2"]
[WhiteElo "2281"]
[BlackElo "2059"]
[PlyCount "55"]
[EventDate "2016.08.06"]
[EventType "swiss"]
[EventRounds "9"]
[EventCountry "NED"]
[SourceTitle "CBM 173 Extra"]
[Source "ChessBase"]
[SourceDate "2016.08.29"]
[SourceVersion "1"]
[SourceVersionDate "2016.08.29"]
[SourceQuality "1"]

1. d4 d5 2. c4 Nc6 3. Nf3 Bg4 4. Nc3 e6 5. cxd5 exd5 6. Bf4 Bxf3 7. gxf3 Nf6 8. Qd2 Bb4 9. 0-0-0 Qe7 10. Bh3 Rd8 11. Rhg1 Nh5 12. Be3 g6 13. Bh6 f6 14. Qc2 Kf7 15. e4 Bxc3 16. bxc3 Rhe8 17. Kb1 Na5 18. Bg4 Ng7 19. e5 Nc4 20. Qc1 Ne6 21. f4 f5 22. Be2 b5 23. Ka1 Rb8 24. h4 Qxh4 25. Rh1 Qe7 26. Qc2 Kg8 27. Rdg1 Qf7 28. Rh3 1/2-1/2

[Event "Vlissingen HZ op 20th"]
[Site "Vlissingen"]
[Date "2016.08.07"]
[Round "2"]
[White "Wagenvoorde, Guido"]
[Black "Saravanan, Venkatachalam"]
[Result "0-1"]
[WhiteElo "1998"]
[BlackElo "2281"]
[PlyCount "60"]
[EventDate "2016.08.06"]
[EventType "swiss"]
[EventRounds "9"]
[EventCountry "NED"]
[SourceTitle "CBM 173 Extra"]
[Source "ChessBase"]
[SourceDate "2016.08.29"]
[SourceVersion "1"]
[SourceVersionDate "2016.08.29"]
[SourceQuality "1"]

1. d4 Nf6 2. c4 g6 3. Nc3 Bg7 4. e4 d6 5. Be2 0-0 6. Bg5 Na6 7. Qd2 c6 8. h4 e5 9. d5 cxd5 10. cxd5 Nc5 11. f3 Bd7 12. b4 Na4 13. Nxa4 Bxa4 14. Bd3 Qd7 15. g4 Nxd5 16. exd5 e4 17. Rc1 exd3 18. Qxd3 f5 19. h5 Bb5 20. Qd2 Rae8+ 21. Kf2 fxg4 22. hxg6 hxg6 23. f4 Re4 24. Kg3 Rfe8 25. Qd1 Re3+ 26. Kg2 Qf5 27. Rh4 Qe4+ 28. Kh2 g3+ 29. Kh3 Bd7+ 30. Rg4 Qh1# 0-1

[Event "Ortisei Server24 op 1st"]
[Site "Ortisei"]
[Date "2012.06.08"]
[Round "7"]
[White "Saravanan, Venkatachalam"]
[Black "Kveinys, Aloyzas"]
[Result "0-1"]
[WhiteElo "1958"]
[BlackElo "2512"]
[PlyCount "116"]
[EventDate "2012.06.02"]
[EventType "swiss"]
[EventRounds "9"]
[EventCountry "ITA"]
[SourceTitle "EXT 2014"]
[Source "ChessBase"]
[SourceDate "2013.11.20"]
[SourceVersion "1"]
[SourceVersionDate "2013.11.20"]
[SourceQuality "1"]

1. Nf3 Nf6 2. c4 e6 3. Nc3 d5 4. d4 c5 5. cxd5 Nxd5 6. e4 Nxc3 7. bxc3 cxd4 8. cxd4 Bb4+ 9. Bd2 Bxd2+ 10. Qxd2 0-0 11. Bc4 Nd7 12. 0-0 b6 13. Rfe1 Bb7 14. Rad1 Rc8 15. Bb3 Re8 16. Qf4 Qf6 17. Qg3 Qg6 18. Qh4 Qf6 19. Qh3 Red8 20. Re3 Qh6 21. Qxh6 gxh6 22. d5 Nc5 23. dxe6 Rxd1+ 24. Bxd1 Nxe6 25. Ne1 Rc1 26. Bb3 Nd4 27. f3 Nxb3 28. axb3 Rb1 29. Kf2 Bc8 30. Nc2 Rb2 31. Rc3 Be6 32. Kg3 Rxb3 33. Rc7 a5 34. Nd4 Rb2 35. Ra7 Rb4 36. Nxe6 fxe6 37. Kf4 Rb5 38. g4 Rb3 39. h4 e5+ 40. Kxe5 Rxf3 41. Rb7 Rf7 42. Rxb6 Ra7 43. Kf6 Ra8 44. g5 a4 45. g6 hxg6 46. Kxg6 a3 47. Rb1 a2 48. Ra1 Ra6+ 49. Kf5 Kf7 50. e5 Ra5 51. h5 Ra6 52. e6+ Ke7 53. Kg6 Kxe6 54. Kxh6 Kf5+ 55. Kg7 Kg5 56. Kf7 Kxh5 57. Ke7 Kg5 58. Kd7 Kf4 0-1

[Event "Ortisei Server24 op 1st"]
[Site "Ortisei"]
[Date "2012.06.03"]
[Round "2"]
[White "Saravanan, Venkatachalam"]
[Black "Ernst, Sipke"]
[Result "1/2-1/2"]
[WhiteElo "1958"]
[BlackElo "2554"]
[PlyCount "85"]
[EventDate "2012.06.02"]
[EventType "swiss"]
[EventRounds "9"]
[EventCountry "ITA"]
[SourceTitle "EXT 2014"]
[Source "ChessBase"]
[SourceDate "2013.11.20"]
[SourceVersion "1"]
[SourceVersionDate "2013.11.20"]
[SourceQuality "1"]

1. Nf3 d5 2. d4 c6 3. c4 Nf6 4. e3 Bg4 5. Qb3 Qb6 6. Nc3 e6 7. Nh4 Bh5 8. h3 Qxb3 9. axb3 Na6 10. Ra4 Nb4 11. c5 a5 12. g4 Bg6 13. Nxg6 hxg6 14. f3 Nd7 15. Na2 b5 16. Nxb4 bxa4 17. Nxc6 axb3 18. Bb5 f6 19. Ba4 Kf7 20. Bd2 Bxc5 21. dxc5 Nxc5 22. Bb5 Nb7 23. Kf2 Nd6 24. Ba4 Nc4 25. Bc3 Rac8 26. e4 dxe4 27. fxe4 Rc7 28. Nd4 Rb8 29. Rd1 Rb6 30. Ke2 g5 31. Nb5 Rc5 32. Nd4 Rc7 33. Bxb3 a4 34. Bxc4 Rxc4 35. Kd3 Rc8 36. Rf1 Kg6 37. e5 Rh8 38. Rf3 Rd8 39. Ke4 Ra8 40. Nc2 Rf8 41. Nd4 Ra8 42. Nc2 Rf8 43. Nd4 1/2-1/2

[Event "Hoogeveen Unive op"]
[Site "Hoogeveen"]
[Date "2010.10.27"]
[Round "6"]
[White "Saravanan, Venkatachalam"]
[Black "Kollen, Zyon"]
[Result "1-0"]
[WhiteElo "2408"]
[BlackElo "2046"]
[PlyCount "55"]
[EventDate "2010.10.22"]
[EventType "swiss"]
[EventRounds "9"]
[EventCountry "NED"]
[SourceTitle "EXT 2011"]
[Source "ChessBase"]
[SourceDate "2010.11.26"]
[SourceVersion "1"]
[SourceVersionDate "2010.11.26"]
[SourceQuality "1"]

1. Nf3 Nf6 2. c4 e6 3. Nc3 Bb4 4. Qc2 0-0 5. a3 Bxc3 6. Qxc3 b6 7. e3 Bb7 8. Be2 Ne4 9. Qc2 d6 10. d3 Ng5 11. Bd2 Nxf3+ 12. gxf3 Qf6 13. Bc3 e5 14. 0-0-0 Bxf3 15. Bxf3 Qxf3 16. Rhg1 Nd7 17. Rg3 Qf5 18. f4 f6 19. Qg2 Nc5 20. Rxg7+ Kh8 21. Rxc7 Rg8 22. Qd5 Qh3 23. Qxd6 Ne6 24. Re7 Rg1 25. Rxg1 Qxe3+ 26. Kc2 Qf2+ 27. Kb3 Nc5+ 28. Ka2 1-0

[Event "Hoogeveen Unive op"]
[Site "Hoogeveen"]
[Date "2010.10.26"]
[Round "5"]
[White "Ikonnikov, Vyacheslav"]
[Black "Saravanan, Venkatachalam"]
[Result "1-0"]
[WhiteElo "2571"]
[BlackElo "2408"]
[PlyCount "59"]
[EventDate "2010.10.22"]
[EventType "swiss"]
[EventRounds "9"]
[EventCountry "NED"]
[SourceTitle "EXT 2011"]
[Source "ChessBase"]
[SourceDate "2010.11.26"]
[SourceVersion "1"]
[SourceVersionDate "2010.11.26"]
[SourceQuality "1"]

1. d4 Nf6 2. Nf3 g6 3. c4 Bg7 4. Nc3 d5 5. cxd5 Nxd5 6. e4 Nxc3 7. bxc3 c5 8. Be3 0-0 9. Qd2 Qa5 10. Rb1 Nd7 11. Bd3 Rd8 12. Rb5 Qc7 13. 0-0 b6 14. Rbb1 Bb7 15. Bh6 Rac8 16. Bxg7 Kxg7 17. Rbc1 cxd4 18. cxd4 Qd6 19. Rcd1 Qa3 20. h4 Rc3 21. Rfe1 Nc5 22. Bb1 Nd7 23. h5 Rxf3 24. gxf3 Qxf3 25. h6+ Kg8 26. Re3 Qh5 27. Rg3 Ne5 28. Kg2 f5 29. Rh1 fxe4 30. Qe3 1-0

[Event "Hoogeveen Unive op"]
[Site "Hoogeveen"]
[Date "2010.10.24"]
[Round "3"]
[White "Warmelink, Evie"]
[Black "Saravanan, Venkatachalam"]
[Result "0-1"]
[WhiteElo "1977"]
[BlackElo "2408"]
[PlyCount "66"]
[EventDate "2010.10.22"]
[EventType "swiss"]
[EventRounds "9"]
[EventCountry "NED"]
[SourceTitle "EXT 2011"]
[Source "ChessBase"]
[SourceDate "2010.11.26"]
[SourceVersion "1"]
[SourceVersionDate "2010.11.26"]
[SourceQuality "1"]

1. e4 c5 2. Nc3 d6 3. g3 Nc6 4. Bg2 g6 5. d3 Bg7 6. f4 e6 7. Nf3 Nge7 8. 0-0 0-0 9. Be3 b6 10. Qd2 Bb7 11. Rae1 Qd7 12. g4 d5 13. Bf2 dxe4 14. Nxe4 f5 15. gxf5 Nxf5 16. Bxc5 bxc5 17. Nxc5 Qc8 18. Nxb7 Qxb7 19. Rxe6 Nd8 20. Ng5 Qxb2 21. Bxa8 Nxe6 22. Nxe6 Qb6+ 23. Kh1 Qxe6 24. Bg2 Qxa2 25. Re1 Kh8 26. Qd1 a5 27. c4 a4 28. c5 a3 29. Re2 Qf7 30. Qa4 Nd4 31. Rf2 Qb3 32. Qxb3 Nxb3 33. Bd5 Nxc5 0-1

[Event "Arctic Chess Challenge"]
[Site "Tromsoe"]
[Date "2007.08.07"]
[Round "4"]
[White "Saravanan, Venkatachalam"]
[Black "Kulago, Alexander"]
[Result "1-0"]
[WhiteElo "1958"]
[BlackElo "2146"]
[PlyCount "78"]
[EventDate "2007.08.04"]
[EventType "swiss"]
[EventRounds "9"]
[EventCountry "NOR"]
[SourceTitle "CBM 119 Extra"]
[Source "ChessBase"]
[SourceDate "2007.09.04"]
[SourceVersion "1"]
[SourceVersionDate "2007.09.04"]
[SourceQuality "1"]

1. e4 e5 2. Nf3 Nc6 3. Bb5 g6 4. 0-0 Bg7 5. c3 Nge7 6. d4 exd4 7. cxd4 d5 8. exd5 Nxd5 9. Re1+ Be6 10. Bg5 Qd6 11. Nbd2 0-0 12. Ne4 Qb4 13. Bxc6 bxc6 14. Qc1 Rfe8 15. Bd2 Qb6 16. Nc5 Bf5 17. Ne5 Rad8 18. a3 a5 19. b3 Ra8 20. Ra2 Qb8 21. Nxc6 Qb5 22. Ne5 Re7 23. a4 Qe8 24. Bc3 f6 25. Nc4 Bh6 26. Rxe7 Bxc1 27. Rxe8+ Rxe8 28. Bxa5 Nf4 29. Ne3 Rxe3 30. fxe3 Bxe3+ 31. Kf1 Bxd4 32. Bxc7 Nd5 33. Bd6 Ne3+ 34. Ke2 Bb1 35. Rd2 Nf5 36. a5 Bc3 37. a6 Bxd2 38. a7 Nd4+ 39. Kxd2 Nxb3+ 1-0

[Event "Arctic Chess Challenge"]
[Site "Tromsoe"]
[Date "2007.08.06"]
[Round "3"]
[White "Notkevich, Benjamin Arvola"]
[Black "Saravanan, Venkatachalam"]
[Result "0-1"]
[WhiteElo "2022"]
[BlackElo "1958"]
[PlyCount "56"]
[EventDate "2007.08.04"]
[EventType "swiss"]
[EventRounds "9"]
[EventCountry "NOR"]
[SourceTitle "CBM 119 Extra"]
[Source "ChessBase"]
[SourceDate "2007.09.04"]
[SourceVersion "1"]
[SourceVersionDate "2007.09.04"]
[SourceQuality "1"]

1. e4 c5 2. Nf3 d6 3. d4 cxd4 4. Nxd4 Nf6 5. Nc3 a6 6. Be3 e5 7. Nb3 Be7 8. f3 0-0 9. Qd2 Be6 10. 0-0-0 Nbd7 11. g4 Qc7 12. Kb1 b5 13. g5 Nh5 14. Nd5 Bxd5 15. exd5 Nb6 16. Na5 Nxd5 17. Qxd5 Qxa5 18. c4 Rab8 19. Rg1 g6 20. Rg4 Ng7 21. cxb5 axb5 22. f4 Ne6 23. f5 gxf5 24. Bd3 Ng7 25. Rf1 Ra8 26. g6 fxg4 27. Rxf7 Qe1+ 28. Bc1 Kh8 0-1